Sports Quiz

Random Sports or NFL Quiz

NFL 2011 Teammates With 3+ Games Both Scoring A TD Quiz Stats

 Plays Quiz not verified by Sporcle

Also try: NHL Teams on a Map
Challenge
Share
Tweet
Embed
Score 0/64 Timer 10:00
0 Plays Today
# Teammates % Correct
4Rob Gronkowski & Wes Welker
92.6%
5BenJarvus Green-Ellis & Rob Gronkowski
85.3%
5Greg Jennings & Jordy Nelson
83.8%
3Jimmy Graham & Marques Colston
77.9%
3Jermichael Finley & Jordy Nelson
76.5%
4Aaron Hernandez & Rob Gronkowski
75%
3Greg Jennings & Jermichael Finley
73.5%
3BenJarvus Green-Ellis & Wes Welker
70.6%
3Cam Newton & Steve Smith
70.6%
3Michael Turner & Roddy White
69.1%
5Darren Sproles & Jimmy Graham
66.2%
3Adrian Peterson & Percy Harvin
58.8%
3Ahmad Bradshaw & Victor Cruz
58.8%
3Darren Sproles & Marques Colston
58.8%
3Cam Newton & DeAngelo Williams
57.4%
4Antonio Gates & Mike Tolbert
55.9%
3DeSean Jackson & LeSean McCoy
55.9%
4Cam Newton & Jonathan Stewart
54.4%
4Mike Tolbert & Vincent Jackson
54.4%
3Julio Jones & Michael Turner
54.4%
4James Jones & Jordy Nelson
52.9%
4Michael Turner & Tony Gonzalez
52.9%
4Mike Wallace & Rashard Mendenhall
52.9%
3Donald Driver & Jordy Nelson
51.5%
3Frank Gore & Vernon Davis
51.5%
3Jimmy Graham & Lance Moore
51.5%
4Aaron Hernandez & BenJarvus Green-Ellis
50%
4Greg Jennings & James Jones
50%
3Antonio Gates & Vincent Jackson
50%
4Dez Bryant & Laurent Robinson
48.5%
3Fred Jackson & Steve Johnson
48.5%
3Jeremy Maclin & LeSean McCoy
47.1%
# Teammates % Correct
3A.J. Green & Jermaine Gresham
45.6%
4Darren Sproles & Robert Meachem
42.6%
3Brent Celek & LeSean McCoy
42.6%
4Darren Sproles & Lance Moore
41.2%
3Calvin Johnson & Titus Young
41.2%
3Jimmy Graham & Pierre Thomas
41.2%
3Brandon Jacobs & Hakeem Nicks
38.2%
3Dez Bryant & Miles Austin
36.8%
5Greg Jennings & John Kuhn
35.3%
4Jimmy Graham & Robert Meachem
35.3%
4Denarius Moore & Michael Bush
33.8%
4Santonio Holmes & Shonn Greene
33.8%
4John Kuhn & Jordy Nelson
30.9%
3Darren Sproles & Pierre Thomas
30.9%
3Dez Bryant & Jason Witten
30.9%
4Arian Foster & Joel Dreessen
27.9%
3Anthony Fasano & Reggie Bush
27.9%
3Doug Baldwin & Marshawn Lynch
26.5%
3Malcom Floyd & Mike Tolbert
26.5%
3Ray Rice & Torrey Smith
23.5%
3Brandon LaFell & Cam Newton
20.6%
3C.J. Spiller & Steve Johnson
20.6%
3Scott Chandler & Steve Johnson
20.6%
4Lance Moore & Pierre Thomas
17.6%
3Brandon Jacobs & Jake Ballard
17.6%
4Calvin Johnson & Tony Scheffler
14.7%
3Lance Moore & Mark Ingram
13.2%
3DeAngelo Williams & Jeremy Shockey
5.9%
3Jed Collins & Jimmy Graham
4.4%
3Titus Young & Tony Scheffler
2.9%
3Delanie Walker & Frank Gore
1.5%
3Kyle Rudolph & Percy Harvin
1.5%

You're not logged in!

Compare scores with friends on all Sporcle quizzes.
OR
Log In

You Might Also Like...

Show Comments

Extras

Top Quizzes Today


Score Distribution

Your Account Isn't Verified!

In order to create a playlist on Sporcle, you need to verify the email address you used during registration. Go to your Sporcle Settings to finish the process.

Report this User

Report this user for behavior that violates our Community Guidelines.

Details: